000 00542nam a2200193Ia 4500
005 20250508155646.0
008 008 250505s9999 xx 000 0 eng d
037 _aBooks to be hide in OPAC
040 _aFEDL
_beng
_cFEDL
041 _aeng
_2eng
084 _a954, SHA/O
_qFEDL
100 _aSharma Ram Sharan
245 0 _aSocial changes in early medieval India
260 _c1969
300 _a19p.
546 _aThe first Devraj Chanana memorial lecture 1969
942 _cHB
_h954, SHA/O
999 _c1358589
_d1358589